Rap / hip-hop: what country? - Statistics

General Stats
  • This quiz has been taken 15 times
  • The average score is 5 of 15
Answer Stats
Rap artist Country % Correct
MC Solaar France
69%
Flavor Flav USA
69%
Teriyaki Boyz Japan
62%
Rincon Sapiência Brazil
54%
Buck 65 Canada
46%
Cartel de Santa Mexico
46%
Kraantje Pappie Netherlands
38%
MF Doom UK
38%
Đen Vietnam
23%
Orishas Cuba
15%
Kr$na India
15%
Shabak Samech Israel
15%
Wurzel 5 Switzerland
15%
Ivan Buyan Ukraine
15%
Leonard Mapfumo Zimbabwe
8%
No matching quizzes found
Score Distribution
Percent of People with Each Score
Percentile by Number Answered
Your Score History
You have not taken this quiz